KUMAR & CLARK'S CLINICAL MEDICINE (Record no. 195864)
[ view plain ]
| 000 -LEADER | |
|---|---|
| fixed length control field | 00242nam a2200097Ia 4500 |
| 050 ## - LIBRARY OF CONGRESS CALL NUMBER | |
| Classification number | RC 46 .K86 2009 |
| 100 ## - MAIN ENTRY--PERSONAL NAME | |
| Personal name | KUMAR, PARVEEN |
| 245 #0 - TITLE STATEMENT | |
| Title | KUMAR & CLARK'S CLINICAL MEDICINE |
| 942 ## - ADDED ENTRY ELEMENTS (KOHA) | |
| Koha item type | Long Loan Book |
| Withdrawn status | Lost status | Source of classification or shelving scheme | Damaged status | Not for loan | Collection | Home library | Current library | Date acquired | Inventory number | Total checkouts | Full call number | Barcode | Date last seen | Date last checked out | Copy number | Price effective from | Koha item type |
|---|---|---|---|---|---|---|---|---|---|---|---|---|---|---|---|---|---|
| Library of Congress Classification | Medicine | Kisii University Library | Kisii University Library | 09/15/2023 | 34484 | 1 | RC 46 .K86 2009 | 044540 | 09/28/2024 | 09/13/2024 | C. 2 | 09/15/2023 | Long Loan Book |